|
|
|
|
| LEADER |
01146nam a2200265 a 4500 |
| 001 |
16746064 |
| 008 |
120226s2011 nju 000 0 eng |
| 010 |
|
|
|a 2011927965
|
| 020 |
|
|
|a 0132748509 (pbk. : alk. paper)
|
| 040 |
|
|
|a DLC
|c DLC
|d BD-DhAAL
|
| 042 |
|
|
|a pcc
|
| 082 |
0 |
0 |
|a 005.4/3
|2 22
|
| 245 |
1 |
4 |
|a The official ubuntu book /
|c Benjamin Mako Hill ... [et al.].
|
| 250 |
|
|
|a 6th ed.
|
| 260 |
|
|
|a Upper Saddle River, NJ :
|b Prentice Hall,
|c 2011.
|
| 300 |
|
|
|a xxxviii, 378 p. :
|b ill. ;
|c 24 cm. + 1 DVD-ROM (4 3/4 in.)
|
| 500 |
|
|
|a Includes index.
|
| 541 |
|
|
|e 00024524
|
| 650 |
|
0 |
|a Ubuntu (Electronic resource)
|
| 650 |
|
0 |
|a Operating systems (Computers)
|
| 700 |
1 |
|
|a Hill, Benjamin Mako.
|
| 852 |
1 |
|
|a Ayesha Abed Library
|c General shelf.
|
| 999 |
|
|
|c 11913
|d 11913
|
| 952 |
|
|
|0 0
|1 0
|2 ddc
|4 0
|6 005_432000000000000_OFF
|7 0
|9 19598
|a BRACUL
|b BRACUL
|c GEN
|d 2012-03-05
|e Trim Education
|g 3450.00
|l 17
|m 101
|o 005.432 OFF
|p 3010024524
|r 2026-03-04
|s 2026-02-24
|t 1
|w 2012-03-05
|y BK
|
| 952 |
|
|
|0 0
|1 0
|2 ddc
|4 0
|6 005_432000000000000_OFF
|7 0
|9 19599
|a BRACUL
|b BRACUL
|c AV
|d 2012-03-05
|e Trim Education
|l 1
|o 005.432 OFF
|p 4010024524
|r 2018-05-27
|s 2018-05-24
|t 1
|w 2012-03-05
|y AV
|